[Event "Stay Safe Play From Home 300"]
[Site "Emanuel Lasker Arena"]
[Date "2020.07.13"]
[Round "8"]
[White "Sfantul321"]
[Black "Tunca"]
[Result "1-0"]
[WhiteElo "2037"]
[BlackElo "1669"]
[Annotator "NA RC"]
[PlyCount "115"]
[EventDate "2020.07.13"]
[EventType "swiss (blitz)"]

1. c4 {[%emt 0:00:01]} e5 {[%emt 0:00:07]} 2. Nc3 {[%emt 0:00:01]} Nf6 {[%emt 0:00:05]} 3. d3 {[%emt 0:00:01]} b6 {[%emt 0:00:07]} 4. e4 {[%emt 0:00:02]} Bb7 {[%emt 0:00:01]} 5. Nf3 {[%emt 0:00:01]} d6 {[%emt 0:00:03]} 6. h3 {[%emt 0:00:02]} Nc6 {[%emt 0:00:02]} 7. Be3 {[%emt 0:00:01]} Be7 {[%emt 0:00:02]} 8. Be2 {[%emt 0:00:02]} O-O {[%emt 0:00:01]} 9. O-O {[%emt 0:00:01]} Re8 {[%emt 0:00:04]} 10. Re1 {[%emt 0:00:01]} Bf8 {[%emt 0:00:11]} 11. Bg5 {[%emt 0:00:02]} h6 {[%emt 0:00:03]} 12. Bh4 {[%emt 0:00:01]} Ne7 {[%emt 0:00:15]} 13. Bxf6 {[%emt 0:00:02]} gxf6 {[%emt 0:00:00]} 14. Qd2 {[%emt 0:00:02]} Kh7 {[%emt 0:00:02]} 15. g3 {[%emt 0:00:01]} f5 {[%emt 0:00:04]} 16. Nh4 {[%emt 0:00:04]} Qd7 {[%emt 0:00:05]} 17. Kh2 {[%emt 0:00:02]} Bg7 {[%emt 0:00:08]} 18. Nd5 {[%emt 0:00:02]} fxe4 {[%emt 0:00:07]} 19. dxe4 {[%emt 0:00:04]} Nxd5 {[%emt 0:00:17]} 20. cxd5 {[%emt 0:00:02]} c5 {[%emt 0:00:15]} 21. Nf5 {[%emt 0:00:02]} Rg8 {[%emt 0:00:07]} 22. Bg4 {[%emt 0:00:02]} Qd8 {[%emt 0:00:05]} 23. Bh5 {[%emt 0:00:02]} Qf6 {[%emt 0:00:02]} 24. Rf1 {[%emt 0:00:06]} Bc8 {[%emt 0:00:01]} 25. Bg4 {[%emt 0:00:02]} h5 {[%emt 0:00:03]} 26. Bxh5 {[%emt 0:00:07]} Bxf5 {[%emt 0:00:02]} 27. exf5 {[%emt 0:00:01]} Qxf5 {[%emt 0:00:00]} 28. Bg4 {[%emt 0:00:01]} Qf6 {[%emt 0:00:02]} 29. Qd3+ {[%emt 0:00:02]} Kh8 {[%emt 0:00:02]} 30. f4 {[%emt 0:00:01]} Qh6 {[%emt 0:00:07]} 31. Rab1 {[%emt 0:00:06]} Bf6 {[%emt 0:00:04]} 32. fxe5 {[%emt 0:00:02]} Bxe5 {[%emt 0:00:03]} 33. Rxf7 {[%emt 0:00:02]} Rxg4 {[%emt 0:00:02]} 34. Rg1 {[%emt 0:00:04]} Rg7 {[%emt 0:00:04]} 35. Rxg7 {[%emt 0:00:06]} Qxg7 {[%emt 0:00:00]} 36. Kh1 {[%emt 0:00:06]} Rg8 {[%emt 0:00:00]} 37. g4 {[%emt 0:00:01]} Qh7 {[%emt 0:00:01]} 38. Qf3 {[%emt 0:00:06]} Qg6 {[%emt 0:00:01]} 39. Rg2 {[%emt 0:00:03]} Qb1+ {[%emt 0:00:01]} 40. Rg1 {[%emt 0:00:02]} Qxb2 {[%emt 0:00:00]} 41. Rg2 {[%emt 0:00:05]} Qc1+ {[%emt 0:00:01]} 42. Rg1 {[%emt 0:00:01]} Qd2 {[%emt 0:00:01]} 43. Qg2 {[%emt 0:00:02]} Qf4 {[%emt 0:00:02]} 44. Rf1 {[%emt 0:00:02]} Qh6 {[%emt 0:00:01]} 45. a4 {[%emt 0:00:04]} Rf8 {[%emt 0:00:00]} 46. Rxf8+ {[%emt 0:00:02]} Qxf8 {[%emt 0:00:00]} 47. Kg1 {[%emt 0:00:01]} Qf4 {[%emt 0:00:00]} 48. Qe2 {[%emt 0:00:04]} Bd4+ {[%emt 0:00:01]} 49. Kg2 {[%emt 0:00:01]} Be5 {[%emt 0:00:02]} 50. Qb5 {[%emt 0:00:07]} Qh2+ {[%emt 0:00:01]} 51. Kf3 {[%emt 0:00:02]} Qxh3+ {[%emt 0:00:01]} 52. Ke2 {[%emt 0:00:02]} Qxg4+ {[%emt 0:00:01]} 53. Kf2 {[%emt 0:00:03]} Qf4+ {[%emt 0:00:01]} 54. Ke2 {[%emt 0:00:02]} Qe4+ {[%emt 0:00:01]} 55. Kd2 {[%emt 0:00:01]} Bf4+ {[%emt 0:00:01]} 56. Kd1 {[%emt 0:00:03]} Qf3+ {[%emt 0:00:01]} 57. Qe2 {[%emt 0:00:02]} Qe3 {[%emt 0:00:00]} 58. Qh5+ {[%emt 0:00:02] Time (Lag: Av=0.38s, max=0.7s)} 1-0

[Event "Stay Safe Play From Home 300"]
[Site "Emanuel Lasker Arena"]
[Date "2020.07.13"]
[Round "8"]
[White "Lazieri3"]
[Black "Weltszmerc"]
[Result "0-1"]
[WhiteElo "1997"]
[BlackElo "2002"]
[Annotator "TA"]
[PlyCount "96"]
[EventDate "2020.07.13"]
[EventType "swiss (blitz)"]

{[%evp 9,96,-12,-2,-12,-11,-19,-9,-10,0,-9,0,-10,0,0,0,0,0,0,12,-5,0,0,7,-12,0,0,23,-4,0,-6,0,-41,-6,-6,0,-16,-10,-22,-16,-16,11,-14,16,0,0,-133,-119,-127,-121,-118,-125,-352,-360,-374,-358,-370,-359,-334,-327,-647,-716,-716,-570,-560,-528,-2928,-1639,-2355,-2231,-5902,-5181,-5539,-740,-6528,-5929,-29979,-29979,-29978,-29943,-29985,-29986,-29986,-29987,-29991,-29992,-29996,-29996,-29997,-29991]} 1. e4 Nf6 2. Nc3 d5 3. exd5 Nxd5 4. Nxd5 Qxd5 5. Qf3 c6 6. Qxd5 {B02: Alekhine's Defence: Chase Variation and lines with early Nc3.} (6. c3 {keeps more tension.} e5 7. Qxd5 cxd5 8. Ne2 Nc6 9. d4) 6... cxd5 7. d4 Bf5 8. c3 {The position is equal.} e6 9. Bf4 Be7 10. Kd2 O-O 11. Bd3 Bxd3 12. Kxd3 Nc6 13. Nf3 Rac8 14. Ne5 (14. Rhe1 {looks sharper.} h6 15. h4 b5 16. a3 Na5 17. h5) 14... Nxe5+ 15. Bxe5 {[#]} b5 $146 ({Predecessor:} 15... Rfd8 16. Bf4 Bd6 17. Bxd6 {½-½ (17) Saizew,V (1957)-Cornelius,J (2022) Maastricht 2015}) 16. a3 Rc4 17. Rhc1 a5 18. Rc2 f6 19. Bf4 e5 20. Be3 Rfc8 21. f3 Kf7 22. Rac1 Bd6 23. Rd1 Ke6 24. Rdc1 R8c7 25. h3 b4 (25... R4c6 {feels hotter.} 26. Rd2 Rd7 27. Bf2 g6 28. Re1 Rd8) 26. axb4 axb4 27. b3 (27. Ra1 $11) 27... Rxc3+ $17 28. Rxc3 bxc3 29. Rxc3 {[%mdl 4096] Endgame [#] KRB-KRB} e4+ $1 {[%mdl 512]} 30. fxe4 $2 {Now White is beyond hope.} (30. Kc2 $17 {was the only defense.}) 30... dxe4+ $19 31. Kc2 Kd5 32. Rxc7 Bxc7 {KB-KB} 33. Kc3 f5 34. b4 $2 (34. Bg5) 34... f4 35. Bg1 Bb6 36. h4 g6 37. Bf2 e3 38. Be1 Bxd4+ 39. Kd3 h6 40. b5 Bb6 $1 41. Bc3 g5 $1 {[%cal Rg5g4]} 42. Bg7 gxh4 {Black mates.} 43. Bxh6 {[#]} Ke5 $1 44. Ke2 Ke4 45. Bg5 {[#]} h3 $1 {[%mdl 576] Deflection, Promotion} 46. gxh3 f3+ 47. Kf1 e2+ ({And not} 47... Ba5 {[#]} 48. Bxe3 $1 {[%mdl 512]} Kxe3 49. h4 $11) 48. Ke1 Ba5+ {Accuracy: White = 51%, Black = 90%.} 0-1

[Event "Stay Safe Play From Home 300"]
[Site "Emanuel Lasker Arena"]
[Date "2020.07.13"]
[Round "8"]
[White "Greblah"]
[Black "Lucknow"]
[Result "1-0"]
[WhiteElo "1923"]
[BlackElo "1825"]
[Annotator "TA"]
[PlyCount "83"]
[EventDate "2020.07.13"]
[EventType "swiss (blitz)"]

{[%evp 9,83,4,13,-1,7,-16,-13,-64,-73,-156,-65,-87,0,-3,1,-20,0,-54,0,0,0,-360,-363,-424,-421,-422,-422,-411,-423,-415,-398,-407,-408,-410,-397,-452,-443,-436,-381,-444,-441,-510,-486,-733,-729,-726,-719,-698,-678,-828,-657,-875,-678,-872,-664,-784,-756,-978,-975,-989,1257,-29965,-5418,-5397,0,-357,-16,-29,-31,-62,427,-8,0,-6,-15,-339]} 1. e4 c5 2. Nc3 d6 3. g3 Nf6 4. Bg2 e6 5. d3 Be7 6. Be3 {B23: Closed Sicilian: Lines without g3.} Nc6 7. f4 d5 {...d4 is the strong threat.} 8. exd5 {[#]} ({White should try} 8. e5 $11 Nd7 9. Bd2) 8... exd5 $146 {[#] aiming for ...d4.} ({Predecessor:} 8... Nxd5 9. Nxd5 exd5 10. Nf3 O-O 11. O-O Be6 12. h3 Qc8 13. g4 h5 14. f5 Bd7 {½-½ (61) Tsiripova,E (1182)-Fertaki,E (1107) Achaia 2017}) 9. d4 (9. Bc1 $142) 9... cxd4 (9... Ng4 $17 10. Bd2 O-O 11. Nxd5 Re8) 10. Bxd4 Nxd4 (10... O-O $17 {next ...Re8 is good for Black.} 11. Nf3 Qa5) 11. Qxd4 $11 O-O 12. Nf3 Bg4 13. Ne5 (13. O-O-O $11) 13... Be6 (13... Qa5 $15 14. a3 (14. Nxg4 Nxg4 15. Qa4 Qxa4 $15) 14... Rac8) 14. O-O-O {[%cal Rc3d5]} Qa5 $1 15. Bxd5 $2 {[%mdl 8192]} ({Don't go for} 15. Nxd5 $2 Nxd5 16. Bxd5 Rad8 $19) (15. Qa4 $11 {and White is okay.} Qxa4 16. Nxa4) 15... Rad8 $19 {[%cal Rf6d5]} 16. Bxe6 Rxd4 17. Bxf7+ Rxf7 18. Rxd4 Rf8 19. Rhd1 Rd8 20. Nc4 Qc7 21. Nb5 Qb8 22. Nbd6 Bxd6 23. Nxd6 Rd7 24. c4 b6 25. b4 h6 26. c5 (26. Ne4 $142 Rxd4 27. Nxf6+ gxf6 28. Rxd4) 26... bxc5 27. bxc5 Qc7 28. Rc4 Qc6 29. Kc2 Kh7 30. Rd2 Qf3 31. h3 Qh5 32. Rc3 Qxh3 33. g4 Qxg4 34. c6 Qf5+ $4 {[%mdl 8192]} (34... Rc7 $19 35. Rc4 Qf3) 35. Rdd3 $4 {[%mdl 8192]} (35. Nxf5 $18 Rc7 36. Rd8) 35... Rxd6 $1 36. c7 Qxf4 $2 (36... Rxd3 $19 37. Rxd3 Nd5) 37. c8=Q $4 {[%mdl 8192]} (37. Rxd6 $11 Qxd6 38. c8=Q) 37... Rxd3 $2 ({Black should play} 37... Nd5 $19 38. Rb3 Nb4+ {[%mdl 64] Discovered Attack} 39. Rxb4 Qf2+ 40. Kc3 Qe1+ 41. Kc2 Qe2+ 42. Kb1 Qxd3+ 43. Qc2 Qxc2+ 44. Kxc2 h5) 38. Kxd3 Qf3+ 39. Kc4 Qg4+ $2 {[%mdl 8192]} (39... Qd5+ $15 {keeps the upper hand.} 40. Kb4 h5) 40. Kb3 $2 (40. Qxg4 $18 {Threatening mate with Qf5+.} Nxg4 41. Ra3) 40... Qg6 41. Qc4 Ne4 {[#] Hoping for ...Nd2+.} 42. Rd3 $2 {[%mdl 40960] Accuracy: White = 34%, Black = 57%. . Loss on time!?} (42. Rc2 $11) 1-0

[Event "Stay Safe Play From Home 300"]
[Site "Emanuel Lasker Arena"]
[Date "2020.07.13"]
[Round "8"]
[White "Robk"]
[Black "Haris kollari 13"]
[Result "0-1"]
[WhiteElo "1537"]
[BlackElo "1911"]
[Annotator "NA RC"]
[PlyCount "80"]
[EventDate "2020.07.13"]
[EventType "swiss (blitz)"]

1. e4 {[%emt 0:00:02]} e5 {[%emt 0:00:01]} 2. Nf3 {[%emt 0:00:02]} d6 {[%emt 0:00:01]} 3. d4 {[%emt 0:00:02]} exd4 {[%emt 0:00:03]} 4. Nxd4 {[%emt 0:00:01]} c5 {[%emt 0:00:01]} 5. Nb3 {[%emt 0:00:03]} Nc6 {[%emt 0:00:01]} 6. Nc3 {[%emt 0:00:01]} Be6 {[%emt 0:00:01]} 7. f3 {[%emt 0:00:01]} Nf6 {[%emt 0:00:01]} 8. Be3 {[%emt 0:00:01]} Be7 {[%emt 0:00:01]} 9. Qd2 {[%emt 0:00:01]} a6 {[%emt 0:00:01]} 10. Be2 {[%emt 0:00:01]} Qc7 {[%emt 0:00:01]} 11. O-O-O {[%emt 0:00:01]} b5 {[%emt 0:00:01]} 12. g4 {[%emt 0:00:01]} b4 {[%emt 0:00:02]} 13. Nd5 {[%emt 0:00:02]} Bxd5 {[%emt 0:00:04]} 14. exd5 {[%emt 0:00:02]} Ne5 {[%emt 0:00:01]} 15. h4 {[%emt 0:00:06]} a5 {[%emt 0:00:10]} 16. Kb1 {[%emt 0:00:04]} a4 {[%emt 0:00:03]} 17. Nc1 {[%emt 0:00:01]} Nfd7 {[%emt 0:00:04]} 18. f4 {[%emt 0:00:09]} Ng6 {[%emt 0:00:01]} 19. h5 {[%emt 0:00:02]} Ngf8 {[%emt 0:00:01]} 20. g5 {[%emt 0:00:04]} Nb6 {[%emt 0:00:01]} 21. f5 {[%emt 0:00:05]} Nfd7 {[%emt 0:00:03]} 22. Bb5 {[%emt 0:00:09]} O-O-O {[%emt 0:00:04]} 23. Qd3 {[%emt 0:00:20]} f6 {[%emt 0:00:02]} 24. g6 {[%emt 0:00:04]} h6 {[%emt 0:00:07]} 25. Ba6+ {[%emt 0:00:02]} Kb8 {[%emt 0:00:02]} 26. Qb5 {[%emt 0:00:01]} Ne5 {[%emt 0:00:06]} 27. Nd3 {[%emt 0:00:04]} Ka7 {[%emt 0:00:04]} 28. Nxb4 {[%emt 0:00:18]} cxb4 {[%emt 0:00:02]} 29. Qxb4 {[%emt 0:00:02]} Kxa6 {[%emt 0:00:04]} 30. Rd4 {[%emt 0:00:08]} Rc8 {[%emt 0:00:07]} 31. Qd2 {[%emt 0:00:03]} Nec4 {[%emt 0:00:02]} 32. Qe2 {[%emt 0:00:04]} Kb7 {[%emt 0:00:15]} 33. Re1 {[%emt 0:00:14]} Nxe3 {[%emt 0:00:01]} 34. Qxe3 {[%emt 0:00:02]} Qxc2+ {[%emt 0:00:05]} 35. Ka1 {[%emt 0:00:01]} Rhe8 {[%emt 0:00:01]} 36. Rd2 {[%emt 0:00:08]} Qc7 {[%emt 0:00:07]} 37. a3 {[%emt 0:00:03]} Nc4 {[%emt 0:00:02]} 38. Qc3 {[%emt 0:00:05]} Nxd2 {[%emt 0:00:02]} 39. Qxd2 {[%emt 0:00:01]} Bf8 {[%emt 0:00:01]} 40. Qb4+ {[%emt 0:00:01]} Qb6 {[%emt 0:00:04] Robk resigns (Lag: Av=0.50s, max=0.7s)} 0-1

[Event "Stay Safe Play From Home 300"]
[Site "Emanuel Lasker Arena"]
[Date "2020.07.13"]
[Round "8"]
[White "Timbre"]
[Black "Chesstiger9"]
[Result "0-1"]
[WhiteElo "1536"]
[BlackElo "1993"]
[Annotator "TA"]
[PlyCount "76"]
[EventDate "2020.07.13"]
[EventType "swiss (blitz)"]

{[%evp 11,76,-10,-5,-5,42,37,55,53,64,39,45,21,96,90,85,-32,91,-95,-93,-131,-145,-252,0,-373,-276,-252,-162,-280,-288,-283,-276,-261,-271,-335,-237,-261,-256,-304,-103,-322,-319,-386,-379,-440,-437,-434,-386,-375,-379,-492,-482,-517,-514,-508,-508,-631,-516,-610,-516,-538,-522,-656,-585,-601,-603,-572,-576]} 1. d4 Nf6 2. Nf3 e6 3. c3 d5 4. Bf4 c5 5. e3 Nc6 6. Bd3 Qb6 7. Qc2 {D02: 1 d4 d5 2 Nf3 sidelines, including 2...Nf6 3 g3 and 2...Nf6 3 Bf4.} c4 8. Be2 Be7 9. Nbd2 {White is slightly better.} O-O 10. O-O Qd8 {[#]} 11. e4 $146 ({Predecessor:} 11. h3 Bd6 12. Bxd6 Qxd6 13. Rfe1 e5 14. dxe5 Nxe5 15. Rad1 Nxf3+ 16. Bxf3 Qc7 17. Nf1 {1-0 (44) Shen,Y (2465)-Zhao,S (2183) Shenzhen 2017}) 11... dxe4 (11... b5 $11 {keeps the balance.}) 12. Nxe4 $16 Nd5 13. Bg3 (13. Bd2 $16) 13... b5 (13... f5 $1 $15 {stays ahead.}) 14. a3 $2 {[#]} (14. a4 $16) 14... f5 $1 $36 {[%mdl 2048] Black is on the roll.} 15. Nc5 f4 16. Qe4 (16. Bh4 $17 {keeps fighting.} Bxh4 17. a4) 16... fxg3 $2 (16... Bxc5 $19 17. dxc5 fxg3 18. hxg3 Bd7) 17. hxg3 $2 {[%mdl 8192]} (17. Nxe6 $11 Qd6 18. Nxf8) 17... Bxc5 18. dxc5 Qf6 19. Rae1 (19. a4 {was called for.} Rb8 20. axb5 Rxb5 {[%mdl 64] Double Attack} 21. Bxc4 Rxc5 22. Rfe1) 19... Bd7 $19 20. Bd1 Rae8 21. Bc2 g6 22. Nh2 Nce7 23. Ng4 Qg7 24. Ne5 Nf5 $2 {[#]} (24... Nc6 $19 {White must now prevent ...Qxe5.} 25. Nxd7 Qxd7) 25. Nxd7 $2 {Loses the game.} (25. g4 $17 Nh6 26. g5) 25... Qxd7 26. Qe2 Qc6 27. Qg4 Qxc5 28. Qg5 Qe7 29. Qg4 Qf6 30. Bxf5 exf5 {Black is clearly winning.} 31. Qd1 Nb6 32. Rxe8 Rxe8 33. Qd2 Rd8 34. Qf4 Nd5 35. Qf3 Qe5 36. g4 Qe4 37. gxf5 Qxf3 38. gxf3 gxf5 {Accuracy: White = 29%, Black = 54%.} 0-1

[Event "Stay Safe Play From Home 300"]
[Site "Emanuel Lasker Arena"]
[Date "2020.07.13"]
[Round "9"]
[White "Mepe_Nika"]
[Black "Timbre"]
[Result "1-0"]
[WhiteElo "2422"]
[BlackElo "1534"]
[Annotator "TA"]
[PlyCount "33"]
[EventDate "2020.07.13"]
[EventType "swiss (blitz)"]

{[%evp 9,32,18,28,28,28,32,43,30,54,63,56,47,54,64,54,58,322,313,1130,1108,29993,29994,29996,29997,29999]} 1. e4 c6 2. d4 d5 3. exd5 cxd5 4. Bd3 Nc6 5. c3 a6 6. Bf4 {B13: Caro-Kann: Exchange Variation and Panov-Botvinnik Attack.} Nf6 7. Nd2 {[%cal Bb1d2,Bd2f3,Bf3g5][%mdl 32]} e6 8. Ngf3 {White is slightly better.} Bd6 9. Ne5 Qc7 {[%cal Rc6e5]} 10. Qe2 {[#]} Bxe5 $146 ({Predecessor:} 10... g6 11. Ndf3 Nh5 12. Bh6 f6 13. Nxc6 bxc6 14. g3 Ng7 15. O-O Nf5 16. Bxf5 gxf5 17. c4 Rg8 18. Nh4 Qe7 19. Rfe1 Rg4 20. c5 Bc7 21. Nxf5 {1-0 (21) Rodshtein,M (2623)-Avrukh,B (2641) Netanya 2009}) 11. dxe5 Nd7 {[%cal Rd7e5]} 12. Nf3 O-O $2 {[%mdl 8192] [#]} (12... f6 $14) 13. Bxh7+ $1 $18 {[%mdl 512]} Kxh7 $2 (13... Kh8 14. Bc2 Kg8) 14. Ng5+ Kg8 15. Qh5 {[%csl Gg5][%cal Rh5h7] White mates.} Nf6 16. exf6 {[%csl Gg5][%cal Rh5h7][%mdl 64] Discovered Attack} Qxf4 17. Qh7# {White took control after the opening. Accuracy: White = 100%, Black = 42%.} 1-0

[Event "Stay Safe Play From Home 300"]
[Site "Emanuel Lasker Arena"]
[Date "2020.07.13"]
[Round "9"]
[White "AChessPlayer"]
[Black "Sfantul321"]
[Result "1-0"]
[WhiteElo "2296"]
[BlackElo "2041"]
[Annotator "NA RC"]
[PlyCount "93"]
[EventDate "2020.07.13"]
[EventType "swiss (blitz)"]

1. e4 {[%emt 0:00:04]} g6 {[%emt 0:00:02]} 2. d4 {[%emt 0:00:02]} d6 {[%emt 0:00:01]} 3. c4 {[%emt 0:00:00]} Bg7 {[%emt 0:00:01]} 4. Nc3 {[%emt 0:00:00]} Nf6 {[%emt 0:00:01]} 5. Nf3 {[%emt 0:00:01]} O-O {[%emt 0:00:01]} 6. Be2 {[%emt 0:00:00]} Bg4 {[%emt 0:00:01]} 7. Be3 {[%emt 0:00:02]} Nc6 {[%emt 0:00:02]} 8. Rc1 {[%emt 0:00:01]} Bxf3 {[%emt 0:00:02]} 9. Bxf3 {[%emt 0:00:01]} e5 {[%emt 0:00:00]} 10. d5 {[%emt 0:00:00]} Nd4 {[%emt 0:00:01]} 11. Bxd4 {[%emt 0:00:00]} exd4 {[%emt 0:00:01]} 12. Qxd4 {[%emt 0:00:00]} Re8 {[%emt 0:00:01]} 13. Qd3 {[%emt 0:00:01]} Nxe4 {[%emt 0:00:01]} 14. Nxe4 {[%emt 0:00:03]} f5 {[%emt 0:00:01]} 15. O-O {[%emt 0:00:00]} f4 {[%emt 0:00:01]} 16. Nxd6 {[%emt 0:00:05]} cxd6 {[%emt 0:00:02]} 17. Bg4 {[%emt 0:00:02]} Qb6 {[%emt 0:00:03]} 18. b3 {[%emt 0:00:01]} Be5 {[%emt 0:00:09]} 19. h4 {[%emt 0:00:02]} Qd8 {[%emt 0:00:02]} 20. h5 {[%emt 0:00:01]} Qg5 {[%emt 0:00:02]} 21. Be6+ {[%emt 0:00:02]} Kg7 {[%emt 0:00:01]} 22. c5 {[%emt 0:00:05]} Qxh5 {[%emt 0:00:07]} 23. c6 {[%emt 0:00:01]} bxc6 {[%emt 0:00:05]} 24. Rxc6 {[%emt 0:00:04]} f3 {[%emt 0:00:04]} 25. g3 {[%emt 0:00:01]} Rf8 {[%emt 0:00:01]} 26. Rc7+ {[%emt 0:00:03]} Kh8 {[%emt 0:00:02]} 27. Re1 {[%emt 0:00:02]} Qg5 {[%emt 0:00:03]} 28. Kh2 {[%emt 0:00:04]} Qh4+ {[%emt 0:00:09]} 29. Bh3 {[%emt 0:00:02]} Qg5 {[%emt 0:00:04]} 30. Re4 {[%emt 0:00:01]} h5 {[%emt 0:00:12]} 31. Qb5 {[%emt 0:00:44]} Bxg3+ {[%emt 0:00:32]} 32. fxg3 {[%emt 0:00:09]} Qd2+ {[%emt 0:00:02]} 33. Kh1 {[%emt 0:00:00]} Qd1+ {[%emt 0:00:01]} 34. Bf1 {[%emt 0:00:10]} Rab8 {[%emt 0:00:05]} 35. Qc4 {[%emt 0:00:02]} Rb4 {[%emt 0:00:07]} 36. Qc3+ {[%emt 0:00:02]} Rd4 {[%emt 0:00:07]} 37. Qxd4+ {[%emt 0:00:01]} Qxd4 {[%emt 0:00:01]} 38. Rxd4 {[%emt 0:00:00]} g5 {[%emt 0:00:05]} 39. Re4 {[%emt 0:00:01]} g4 {[%emt 0:00:01]} 40. Ree7 {[%emt 0:00:00]} Rb8 {[%emt 0:00:06]} 41. Kg1 {[%emt 0:00:01]} h4 {[%emt 0:00:04]} 42. gxh4 {[%emt 0:00:01]} g3 {[%emt 0:00:01]} 43. h5 {[%emt 0:00:00]} g2 {[%emt 0:00:02]} 44. Bxg2 {[%emt 0:00:02]} fxg2 {[%emt 0:00:02]} 45. Rh7+ {[%emt 0:00:01]} Kg8 {[%emt 0:00:01]} 46. Rcg7+ {[%emt 0:00:00]} Kf8 {[%emt 0:00:01]} 47. h6 {[%emt 0:00:00] Sfantul321 resigns (Lag: Av=0.56s, max=1.4s)} 1-0

[Event "Stay Safe Play From Home 300"]
[Site "Emanuel Lasker Arena"]
[Date "2020.07.13"]
[Round "9"]
[White "Chesstiger9"]
[Black "Weltszmerc"]
[Result "0-1"]
[WhiteElo "1995"]
[BlackElo "2019"]
[Annotator "TA"]
[PlyCount "70"]
[EventDate "2020.07.13"]
[EventType "swiss (blitz)"]

{[%evp 13,70,12,10,0,9,-12,-17,-10,0,-4,0,0,0,-71,-77,-113,-90,-92,-71,-64,-69,-93,-83,-151,-99,-144,-108,-128,-117,-119,-119,-267,-263,-338,-344,-710,-714,-690,-595,-826,-826,-815,-779,-768,-818,-811,-733,-937,-904,-1182,-1094,-3160,-1251,-5097,-4735,-5210,-5210,-5114,-5106]} 1. c4 b6 2. Nc3 Bb7 3. d4 Nf6 4. f3 d5 5. cxd5 Nxd5 6. e4 Nxc3 7. bxc3 e6 8. Bc4 {A50: Queen's Fianchetto Defence (1 d4 Nf6 2 c4 b6).} Be7 9. Ne2 O-O 10. O-O {The position is equal.} c5 11. Be3 cxd4 12. cxd4 Nc6 {[%cal Bb8c6,Bc6a5,Ba5c4][%mdl 32] [#]} 13. d5 $146 (13. Qd2 $11) ({Predecessor:} 13. f4 Rc8 14. Rc1 Ba3 15. Rc3 Qe7 16. f5 exf5 17. Bd5 Bb4 18. Rc1 fxe4 {½-½ (37) Korobkov,P (2469)-Simonian,H (2405) Kharkov 2007}) 13... Na5 $17 14. Bd3 exd5 15. e5 Nc4 16. Bd4 Qc7 17. Qc2 g6 18. Rac1 (18. f4 $142) 18... Rac8 ({Black should try} 18... Bc5 19. Bxc4 Bxd4+ 20. Nxd4 Qxe5) 19. Kh1 Ba3 20. Rcd1 Bc5 21. Bxc4 {[#] And now Bd3 would win.} Bxd4 22. Rxd4 (22. Nxd4 $17 {only move.} dxc4 23. Nb5 Qxe5 24. Nd6) 22... dxc4 23. Rc1 Qxe5 {White must now prevent ...Rfe8.} 24. Rxc4 $2 (24. Qd2) 24... Rxc4 $19 {Black is clearly winning.} 25. Qxc4 Rc8 26. Qxc8+ Bxc8 27. Rxc8+ {[%mdl 4096] Endgame KQ-KRN} Kg7 28. Rc2 Qa1+ 29. Ng1 b5 {[%cal Bb6b5,Bb5b4][%mdl 32]} 30. h4 a5 {[%cal Ba7a5,Ba5a4,Ba4b3][%mdl 32]} 31. h5 b4 32. hxg6 hxg6 33. Re2 a4 34. g4 b3 35. axb3 axb3 {White got outplayed after the opening. Accuracy: White = 34%, Black = 91%.} 0-1

[Event "Stay Safe Play From Home 300"]
[Site "Emanuel Lasker Arena"]
[Date "2020.07.13"]
[Round "9"]
[White "Haris kollari 13"]
[Black "Greblah"]
[Result "1/2-1/2"]
[WhiteElo "1915"]
[BlackElo "1935"]
[Annotator "NA RC"]
[PlyCount "85"]
[EventDate "2020.07.13"]
[EventType "swiss (blitz)"]

1. e4 {[%emt 0:00:01]} c6 {[%emt 0:00:00]} 2. f4 {[%emt 0:00:01]} d5 {[%emt 0:00:00]} 3. e5 {[%emt 0:00:00]} Bf5 {[%emt 0:00:02]} 4. d4 {[%emt 0:00:01]} e6 {[%emt 0:00:02]} 5. c3 {[%emt 0:00:01]} Ne7 {[%emt 0:00:02]} 6. Nf3 {[%emt 0:00:01]} h6 {[%emt 0:00:01]} 7. b3 {[%emt 0:00:01]} Nd7 {[%emt 0:00:02]} 8. Be3 {[%emt 0:00:01]} Qa5 {[%emt 0:00:04]} 9. Bd3 {[%emt 0:00:04]} Bxd3 {[%emt 0:00:04]} 10. Qxd3 {[%emt 0:00:01]} Nf5 {[%emt 0:00:02]} 11. O-O {[%emt 0:00:02]} Nxe3 {[%emt 0:00:03]} 12. Qxe3 {[%emt 0:00:01]} c5 {[%emt 0:00:01]} 13. Rd1 {[%emt 0:00:02]} cxd4 {[%emt 0:00:02]} 14. cxd4 {[%emt 0:00:01]} g6 {[%emt 0:00:03]} 15. Nc3 {[%emt 0:00:02]} Bb4 {[%emt 0:00:03]} 16. Na4 {[%emt 0:00:02]} Rc8 {[%emt 0:00:14]} 17. a3 {[%emt 0:00:02]} Be7 {[%emt 0:00:07]} 18. Rac1 {[%emt 0:00:01]} O-O {[%emt 0:00:02]} 19. f5 {[%emt 0:00:01]} exf5 {[%emt 0:00:01]} 20. Qxh6 {[%emt 0:00:02]} b5 {[%emt 0:00:09]} 21. e6 {[%emt 0:00:03]} Nf6 {[%emt 0:00:52]} 22. exf7+ {[%emt 0:00:08]} Kxf7 {[%emt 0:00:09]} 23. Ne5+ {[%emt 0:00:01]} Ke6 {[%emt 0:00:07]} 24. Nc6 {[%emt 0:00:16]} Rxc6 {[%emt 0:00:23]} 25. Rxc6+ {[%emt 0:00:02]} Kd7 {[%emt 0:00:01]} 26. Qc1 {[%emt 0:00:09]} bxa4 {[%emt 0:00:03]} 27. b4 {[%emt 0:00:03]} Qd8 {[%emt 0:00:02]} 28. Ra6 {[%emt 0:00:07]} Qb8 {[%emt 0:00:02]} 29. Qc6+ {[%emt 0:00:03]} Kd8 {[%emt 0:00:01]} 30. Qxd5+ {[%emt 0:00:05]} Nxd5 {[%emt 0:00:02]} 31. Re1 {[%emt 0:00:06]} Nc7 {[%emt 0:00:01]} 32. Rxg6 {[%emt 0:00:03]} Qb5 {[%emt 0:00:01]} 33. Rg7 {[%emt 0:00:02]} Qd3 {[%emt 0:00:01]} 34. Rexe7 {[%emt 0:00:02]} Qxd4+ {[%emt 0:00:01]} 35. Kf1 {[%emt 0:00:01]} Re8 {[%emt 0:00:01]} 36. Rxc7 {[%emt 0:00:09]} Qd1+ {[%emt 0:00:02]} 37. Kf2 {[%emt 0:00:01]} Re2+ {[%emt 0:00:01]} 38. Kg3 {[%emt 0:00:01]} Qd3+ {[%emt 0:00:00]} 39. Kf4 {[%emt 0:00:04]} Qd6+ {[%emt 0:00:02]} 40. Kf3 {[%emt 0:00:02]} Qd3+ {[%emt 0:00:02]} 41. Kf4 {[%emt 0:00:01]} Qd6+ {[%emt 0:00:00]} 42. Kf3 {[%emt 0:00:01]} Qd3+ {[%emt 0:00:01]} 43. Kf4 {[%emt 0:00:01] (Lag: Av=0.40s, max=1.0s)} 1/2-1/2